| 000 | 01113cam a2200205 4500 | ||
|---|---|---|---|
| 001 | WB3908-21 | ||
| 008 | 030227n2003 000 0 eng u | ||
| 035 | _a(Sirsi) u121449 | ||
| 245 | _aLand supply fall reflects overall trend | ||
| 260 | _c2003 | ||
| 490 |
_aFarmers' Weekly _v138(8) 21 February 2003, 83(1) |
||
| 520 | _aThe latest "Agricultural land market survey" from FPDSavills reports that the supply of land fell in 2002, reinforcing a long-term trend since the end of World War Two. It suggests that the initial decline may be due to the increase in owner occupation after the break up of many larger estates after the war. Predicts land values should remain stable, however commercial land could rise by 15% over the next two years. Table. Copies of the survey are available from http://www.fpdsavills.co.uk/research.asp?category=Rural&dateFrom=&dateTo= or contact Ian Bailey t +44 (0)7968 550386 [email protected] | ||
| 590 | _aWB | ||
| 650 | _aAGRICULTURAL ESTATES | ||
| 650 | _aLAND SALES | ||
| 650 | _aLAND SUPPLY | ||
| 650 | _aLAND VALUES | ||
| 690 |
_aRural _96268 |
||
| 942 | _n0 | ||
| 999 |
_c72170 _d72170 |
||